Will Ferrell Filmography - Statistics

General Stats
  • This quiz has been taken 645 times
    107 since last reset
  • The average score is 22 of 254
Answer Stats
Type Year Name % Correct
Film 2008 Step Brothers
81%
Film 2003 Elf
79%
Film 2004 Anchorman: The Legend of Ron Burgundy
77%
TV Show 1995-2002, 2003-2019 Saturday Night Live
75%
Film 2013 Anchorman 2: The Legend Continues
74%
Film 2006 Talladega Nights: The Ballad of Ricky Bobby
67%
Film 2010 The Other Guys
61%
Film 2001 Zoolander
60%
Film 2015 Daddy's Home
58%
Film 2017 Daddy's Home 2
54%
Film 2003 Old School
54%
Film 2005 Wedding Crashers
53%
Film 2015 Get Hard
49%
Film 2010 Megamind
47%
Short Film 2011 Megamind: The Button of Doom
47%
Film 2014 The LEGO Movie
47%
Film 2016 Zoolander 2
47%
Film 2007 Blades of Glory
46%
Film 2018 Holmes & Watson
40%
Film 2006 Stranger than Fiction
40%
TV Show 2011 The Office
37%
Film 1998 A Night at the Roxbury
35%
Film 2010 Everything Must Go
33%
Film 2005 Kicking & Screaming
33%
Film 2009 Land of the Lost
33%
Film 2008 Semi-Pro
33%
Film 1997 Austin Powers: International Man of Mystery
32%
Film 2023 Barbie
32%
Film 2005 Bewitched
28%
TV Show 2010, 2012 30 Rock
23%
Film 1999 Austin Powers: The Spy Who Shagged Me
21%
Film 2020 Eurovision Song Contest: The Story of Fire Saga
19%
TV Show 2000, 2001 Family Guy
19%
Film 1999 Superstar
19%
Film 2012 The Campaign
19%
Film 2012 Casa de Mi Padre
18%
Film 2013 The Internship
18%
Film 2024 Despicable Me 4
16%
TV Show 2009, 2012 Eastbound & Down
16%
Film 2022 Spirited
16%
Film 2023 Strays
16%
Film 2017 The House
16%
Documentary 2024 Will & Harper
16%
Commercial 2013 Dodge Durango
14%
Film 2004 Starsky & Hutch
14%
Film | Video Game 2006 Curious George
12%
Film 2019 The Lego Movie 2: The Second Part
12%
Film 2004 Wake Up, Ron Burgundy: The Lost Movie
12%
Film 2001 Jay and Silent Bob Strike Back
11%
Film 2000 The Ladies Man
11%
Film 2005 The Producers
11%
Film 2025 You're Cordially Invited
11%
Film 2019 Between Two Ferns: The Movie
9%
TV Show 2011 Between Two Ferns with Zach Galifianakis
9%
Film 2020 Downhill
9%
Web Series 2024 The Boys
9%
Film 1999 Dick
7%
TV Show 2010, 2015, 2019 Drunk History
7%
Commercial 2024-2025 PayPal
7%
Film 2009 The Goods: Live Hard, Sell Hard
7%
Production 2018 Vice
7%
Film 2005 Winter Passing
7%
Production 2019 Booksmart
5%
TV Show 1997 Cow and Chicken
5%
TV Show 1998 Disney's Hercules: The Animated Series
5%
Music Video 2011 Fight for Your Right Revisited
5%
Production 2013 Hansel & Gretel: Witch Hunters
5%
Production 2007 Hot Rod
5%
TV Show 1999 King of the Hill
5%
TV Show 2009 Man vs. Wild
5%
Production 2023 May December
5%
Film 2004 Melinda and Melinda
5%
Film 2023 Quiz Lady
5%
TV Show 2009 SpongBob SquarePants
5%
Production 2018-2023 Succession
5%
Production 2014 Tammy
5%
Production 2016 The Boss
5%
Short Film 2007 The Landlord
5%
Production 2022 The Menu
5%
TV Show 2001-2002 The Oblongs
5%
Web Special 2024 The Roast of Tom Brady
5%
Production 2014 Welcome to Me
5%
Film 2019 Zeroville
5%
Production 2022 Am I OK?
4%
Film 2002 Boat Trip
4%
Short Film 2020 David
4%
Production 2019-2020 Dead to Me
4%
Film 2019 Drunk Parents
4%
TV Special 2015 Ferrell Takes the Field
4%
TV Show 2017 Full Frontal with Samantha Bee
4%
TV Show 2010, 2011 Funny or Die Presents...
4%
Production 2019 Hustlers
4%
Production 2015 Sleeping with Other People
4%
TV Special 2025 SNL50: The Anniversary Special
4%
TV Show 2003 The Guardian
4%
TV Show 2015 The Last Man on Earth
4%
Film 2005 The Wendell Baker Story
4%
TV Show 2010 Tim and Eric Awesome Show, Great Job!
4%
Film 2012 Tim and Eric's Billion Dollar Movie
4%
TV Show 2014 Welcome to Sweden
4%
TV Show 2010 WWE Raw
4%
Theater 2009 You're Welcome America
4%
TV Special 2009 You're Welcome America. A Final Night with George W. Bush
4%
Documentary Series 2012 60 Minutes
2%
TV Film 1995 A Bucket of Blood
2%
TV Film 2015 A Deadly Adoption
2%
TV Show 2025 Allsång på Skansen
2%
TV Show 2008 Ant & Dec's Saturday Night Takeaway
2%
TV Show 1988 Are-Oh-Vee
2%
TV Show 2010 Ask Rhod Gilbert
2%
Production 2012 Bachelorette
2%
Production 2018 Backseat
2%
Production TBA Bad Blood
2%
Production 2021 Barb and Star Go to Vista Del Mar
2%
TV Show 2010 Big Brother
2%
TV Show 2012, 2013 Billy on the Street
2%
Video Game 2004 Call of Duty: United Offensive
2%
TV Show 2011 Chris Moyles Quiz Night
2%
TV Show 2016 Circus Halligalli
2%
Web Series 2016 Comedians in Cars Getting Coffee
2%
TV Show 2001 Comedy Central Canned Ham
2%
TV Special 2025 Conan O'Brien: The Kennedy Center Mark Twain Prize for American Humor
2%
Film 1995 Criminal Hearts
2%
Production TBA Cult of Love
2%
Film 2000 Drowning Moca
2%
Short Film 2007 Good Cop, Baby Cop
2%
TV Show 1995 Grace Under Fire
2%
Short Film 2008 Green Team
2%
Production TBA Hansel & Gretel: Witch Hunters 2
2%
TV Show 1999 Happily Ever After: Fairy Tales for Every Child
2%
Production 2018 Ibiza
2%
TV Show 2018 I Love You, America with Sarah Silverman
2%
Music Video 2020 Imagine (Quarantine Edition)
2%
Film 2020 Impractical Jokers: The Movie
2%
Production 2017-2019 I'm Sorry
2%
Film TBA Judgment Day
2%
Production 2023-Present Las Culturistas
2%
TV Show 2021, 2024 Last Week Tonight with John Oliver
2%
Production 2018 LA to Vegas
2%
TV Special 2019 Live in Front of a Studio Audience
2%
TV Show 1995 Living Single
2%
Music Video 2011 Make Some Noise
2%
Film 1997 Men Seeking Women
2%
TV Show 2014, 2016 @midnight
2%
Production 2020-2022 Mortherland: Fort Salem
2%
TV Show 2007 My Shot With
2%
TV Show 2022 NFL Monday Night Football
2%
TV Show 2017 No Activity
2%
Production 2024 No Good Deed
2%
TV Special 2017 Not the White House Correspondents' Dinner
2%
Production 2017 Oh Lucy!
2%
Film 2004 Oh, What a Lovely Tea Party
2%
TV Show 1995 On Our Own
2%
TV Show 2003, 2005, 2006, 2010 Reel Comedy
2%
Production 2020 Robbie
2%
TV Show 2017 Saturday Mash-Up
2%
TV Special 2015 Saturday Night Live: 40th Anniversary Special
2%
TV Show 2008 Saturday Night Live Weekend Update Thursday
2%
Production TBA Self Help
2%
TV Show 2012 Space Ghost Coast to Coast
2%
TV Show 2000 Strangers with Candy
2%
Film TBA Street Justice
2%
TV Show 2024 Stupid Pet Tricks
2%
Film TBA The 100 Year-Old Man Who Climbed Out the Window and Disappeared
2%
Production TBA The 5th Wheel
2%
TV Show 2001 The Andy Dick Show
2%
TV Show 1997 The Angry Beavers
2%
Production 2023 Theater Camp
2%
TV Show 2015, 2018 The Chris Gethard Show
2%
TV Show 2015 The Chris Gethard Show: Public Access
2%
TV Show 2016 The Jim Gaffigan Show
2%
Video Game 2014 The LEGO Movie Videogame
2%
TV Show 2008 The Merrick & Rosso Show
2%
TV Show 2007 The Naked Trucker and T-Bones Show
2%
Film TBA The Prince of Fashion
2%
Short Film 2007 The Procedure
2%
Web Series 2021 The Shrink Next Door
2%
TV Mini-Series 2015 The Spoils Before Dying
2%
TV Mini-Series 2014 The Spoils of Babylon
2%
Film 1999 The Suburbans
2%
Film 1998 The Thin Pink Line
2%
TV Show 1999 The Tom Green Show
2%
Production 2010 The Virginity Hit
2%
Production 2022 The Woman in the House Across the Street from the Girl in the Window
2%
TV Show 2017 Throwing Shade
2%
Production TBA Toni Erdmann
2%
Production TBA Totally Spies!
2%
Film TBA Tough Guys
2%
TV Show 2001 Undeclared
2%
TV Special 2011 Will Ferrell: Mark Twain Prize
2%
Short Film 2011 24/7 Blake Griffin: Intern
0%
Web Series 2012 7 Minutes in Heaven
0%
Short TV Documentary 2016 AC Green: Iron Virgin
0%
TV Special 2008 A Night for Vets: An MTV Concert for the Brave
0%
Commercial 2002 Apple iPod
0%
Web Series 2023 ASSSSCAT: Los Angeles
0%
Short Film 2009 Bat Fight with Will Ferrell
0%
TV Special 2024 Bob Newhart: A Legacy of Laughter
0%
Web Series 2010 Carpet Bros
0%
Podcast 2022 Clown Parade
0%
TV Special 2015 Comedy Central Roast of Justin Bieber
0%
Commercial 2017 Common Sense Media
0%
Short Film 2004 Conversation with Ron Burgundy
0%
TV Special 2020 COVID Is No Joke
0%
Documentary Series 2005 Dateline NBC
0%
Short Film 2011 Dear Woman
0%
Documentary Series 2021 Demi Lovato: Dancing with the Devil
0%
TV Special 2005 Earth to America
0%
Documentary 2023 El Titán: The Adrián González Story
0%
TV Special 2020 Feeding America Comedy Festival
0%
Documentary Series 2008 Getaway
0%
Web Series TBA Golf
0%
Music Video 2016 Go Robot
0%
Theater 2023 Gutenberg!
0%
Web Series 2024 In the Know
0%
Web Mini-Series 2024 John Mulaney Presents: Everybody's in LA
0%
TV Special 2003 Late Night with Conan O'Brien: 10th Anniversary Special
0%
TV Special 2007 Live Earth
0%
Documentary 2015 Live from New York!
0%
Documentary Series 2009 Make 'Em Laugh: The Funny Business of America
0%
TV Special 2002 NBC 75th Anniversary Special
0%
Commercial 2023 Netflix / General Motors
0%
TV Special 2006 Night of Too Many Stars: An Overbooked Event for Autism Education
0%
Commercial 2008 Old Spice
0%
TV Short 2002 Panic Room with Will Ferrell
0%
Short Film 2010 Peace on Earth/Little Drummer Boy
0%
TV Special 2022 Pickled
0%
Documentary TBA Playing POTUS
0%
Documentary 2023 Playoff Moments: A Cup Above the Rest
0%
Short Film 2010 Presidential Reunion
0%
TV Special 2015, 2016 Red Nose Day
0%
TV Special 2022 Ryan Reynolds: An American Cinematheque Tribute
0%
TV Special 1999 Saturday Night Live 25
0%
TV Special 2000 Saturday Night Live: Presidential Bash 2000
0%
TV Special 2006 Saturday Night Live: The Best of Commercial Parodies
0%
Documentary Mini-Series 2023 SmartLess: On the Road
0%
TV Special 2014 Stand Up to Cancer
0%
TV Special 2018 The 2018 Rose Parade Hosted by Cord & Tish
0%
TV Special 2012 The American Cinematheque Tribute to Ben Stiller
0%
TV Special 1998 The Bad Boys of Saturday Night Live
0%
TV Special 2011, 2013, 2015 The Big Fat Quiz of the Year
0%
TV Special 2003 The Commies
0%
TV Special 2001 The Concert for New York City
0%
Commercial 2001 The GAP
0%
TV Special 2003-2013 The Kennedy Center Honors: A Celebration of the Performing Arts
0%
Documentary 2022 The Life & Near Death of Kevin Hart
0%
TV Documentary 2011 The Love We Make
0%
Short Film 2010 The Other Guys NYPD Recruitment Video
0%
Podcast 2019-2023 The Ron Burgundy Podcast
0%
TV Special 2018 The Royal Wedding Live with Cord & Tish!
0%
Short Film 2007 Third Date with Will Ferrell
0%
TV Special 2020 VOMO: Vote or Miss Out
0%
Documentary Series 2022, 2023 Welcome to Wrexham
0%
No matching quizzes found
Score Distribution
Percent of People with Each Score
Percentile by Number Answered
Your Score History
You have not taken this quiz since the last reset